| Tag |
First Indicator |
Second Indicator |
Subfields |
| LEADER |
00000cam a2200000 4500 |
| 001 |
in00000039338 |
| 005 |
20151007081647.0 |
| 008 |
720815r1963 eng u |
| 010 |
|
|
|a 63017164
|
| 035 |
|
|
|a (OCoLC)00382844
|
| 035 |
|
|
|9 AAF6726AM
|
| 040 |
|
|
|c WSU
|d OCL
|d TXA
|d UtOrBLW
|
| 041 |
1 |
|
|a eng
|a nor
|
| 049 |
|
|
|a TXAM
|c [364843]
|
| 050 |
|
0 |
|a BL1670
|b .K33 1963
|
| 092 |
|
|
|a 299.269
|b K17r
|
| 100 |
1 |
|
|a Kapelrud, Arvid S.,
|d 1912-1994.
|
| 245 |
1 |
4 |
|a The Ras Shamra discoveries and the Old Testament.
|
| 250 |
|
|
|a [1st U.S. ed.].
|
| 264 |
|
1 |
|a Norman :
|b University of Oklahoma Press,
|c [1963]
|
| 300 |
|
|
|a 91 pages
|
| 336 |
|
|
|a text
|b txt
|2 rdacontent
|
| 337 |
|
|
|a unmediated
|b n
|2 rdamedia
|
| 338 |
|
|
|a volume
|b nc
|2 rdacarrier
|
| 504 |
|
|
|a Bibliographical footnotes.
|
| 630 |
0 |
0 |
|a Bible.
|p Old Testament
|x Criticism, interpretation, etc.
|
| 651 |
|
0 |
|a Ugarit (Extinct city)
|
| 651 |
|
0 |
|a Palestine
|x Religion.
|
| 999 |
|
|
|a MARS
|
| 999 |
f |
f |
|s 04da3458-1910-30f1-978b-5f57c7b48835
|i 6464165d-dec1-385e-bb70-915a7c9f190c
|t 0
|
| 952 |
f |
f |
|p ric
|a Texas A&M University
|b Rellis Campus
|c Joint Library Facility
|d Remote Storage
|t 0
|e BL1670 .K33 1963
|h Library of Congress classification
|i unmediated -- volume
|m A14800631125
|
| 998 |
f |
f |
|a BL1670 .K33 1963
|t 0
|l Remote Storage
|